| 000 | 01140npm a2200253 i 4500 | ||
|---|---|---|---|
| 001 | 5313 | ||
| 003 | ES-MaACL | ||
| 005 | 20240424210052.0 | ||
| 007 | hzrazu bucu | ||
| 008 | 900430r19901837sp b 00010 spa d | ||
| 080 | _a061.21(464.1)Ateneo"1837/41" | ||
| 080 | _a86-1"18"(082) | ||
| 245 | 0 | 0 |
_aPoesías y memorias leídas en la Sección de Literatura y Bellas Artes del Ateneo de Madrid _b: [Microforma] : sesiones del 16 de enero de 1837 al 8 de marzo de 1841. Lista de sus individuos en 1837. |
| 260 |
_aMadrid : _bAteneo Científico, Literario y Artístico, _c1990. |
||
| 300 |
_a3 microfichas : _bnegativo. |
||
| 500 | _aReproducción del ejemplar manuscrito, 1837. | ||
| 505 | 8 | _aMicroficha n. 1: 1837 (p.1 a 48) -- Microficha n. 2: 1837 (p.49 a 97) -- Microficha n. 3: 1841 y Lista de individuos... | |
| 610 | 2 | 7 |
_9157397 _aAteneo de Madrid. _bSección de Literatura y Bellas Artes- _vMemorias |
| 650 | 1 | 4 |
_aObras de 1800. _915662 |
| 710 | 2 |
_aAteneo de Madrid. _bSección de Literatura y Bellas Artes _92001 |
|
| 852 |
_aES-MaACL _jMCF-60 _95430 |
||
| 942 |
_2udc _cMICROFORMA |
||
| 999 |
_c5313 _d5313 |
||